000
00234nam a2200097Ia 4500
001
729435
005
20250826163527.0
008
250824s9999 xx 000 0 und d
245
0
_a
FİTH HARBİYE
_c
PEYAMİ SAFA
260
_b
BETA YAYINLARI
999
_c
729435
_d
729435